000 00439nam a2200181Ia 4500
001 20128
005 20260306172743.0
008 260306t2005||||xx |||||||||||||| ||spa||
041 _aESP
082 _a342.51
_bV23
100 _aValle Riestra, Javier
_eAUT
245 0 _aLa jurisdicción supranacional
260 _c2005
300 _axxxviii, 189 páginas :
_c20 cm.
650 _aGEN
654 _aCDE
942 _cLIB
_dJUS
_fJUS
_2ddc
_n
999 _c20128
_d20128